Data analytics (Record no. 396981)

MARC details
000 -LEADER
fixed length control field 00522 a2200205 4500
005 - DATE & TIME
control field 20260417121439.0
008 - FIXED-LENGTH DATA ELEMENTS--GENERAL INFORMATION
fixed length control field 260416b |||||||| |||| 00| 0 eng d
020 ## - ISBN
International Standard Book Number 9789355324559
Price Rs. 650.00
040 ## - CATALOGING SOURCE
Original cataloging agency VIVEKANANDA LIBRARY
082 ## - DDC NUMBER
Classification number 006.312
Book Number M278D(2)
100 ## - MAIN ENTRY--PERSONAL NAME
Personal name Maheshwari, Anil
245 ## - TITLE STATEMENT
Title Data analytics
250 ## - EDITION STATEMENT
Edition statement 2nd
260 ## - PUBLICATION, DISTRIBUTION, ETC. (IMPRINT)
Name of publisher, distributor, etc McGraw Hill Education
Date of publication, distribution, etc 2025
Place of publication, distribution, etc Chennai
300 ## - PHYSICAL DESCRIPTION
Pages xxiii, 317
650 ## - Subject
Subject Computer Science
650 ## - Subject
Subject Data Analysis
650 ## - Subject
Subject Artificial Intelligence
942 ## - ADDED ENTRY ELEMENTS (KOHA)
Koha item type Books
Holdings
Withdrawn status Lost status Source of classification or shelving scheme Damaged status Not for loan Location (home branch) Sublocation or collection (holding branch) Shelving location Date acquired Koha issues (times borrowed) Koha full call number Accession No. Koha date last seen Koha item type
    Dewey Decimal Classification     VIVEKANANDA LIBRARY VIVEKANANDA LIBRARY IMSAR Library 30/03/2026   006.312 M278D(2) 420995 30/03/2026 Books
    Dewey Decimal Classification     VIVEKANANDA LIBRARY VIVEKANANDA LIBRARY IMSAR Library 30/03/2026   006.312 M278D(2) 420994 30/03/2026 Books
    Dewey Decimal Classification     VIVEKANANDA LIBRARY VIVEKANANDA LIBRARY IMSAR Library 30/03/2026   006.312 M278D(2) 420996 30/03/2026 Books
    Dewey Decimal Classification     VIVEKANANDA LIBRARY VIVEKANANDA LIBRARY IMSAR Library 30/03/2026   006.312 M278D(2) 420993 30/03/2026 Books
    Dewey Decimal Classification     VIVEKANANDA LIBRARY VIVEKANANDA LIBRARY IMSAR Library 30/03/2026   006.312 M278D(2) 420997 30/03/2026 Books
© Designed and Maintained by Vivekananda Library, MDU Rohtak